000 00537nam a22001577a 4500
005 20251108164243.0
008 250721s1982 xx 000 0 ara d
082 1 4 _a350/عبد
100 1 _aعساف، عبد المعطي محمد
245 1 0 _aالنموذج المتكامل لدراسة الإدارة العامة :
_bإطار عام مقارن /
264 1 _aالزرقاء :
_bشركة الفاهوم التجارية،
_c1982.
300 _a315ص
650 1 7 _aالإدارة العامة
942 _2ddc
_cBK
999 _c7555
_d7555